1129 1679 1799 1167 1976 1744 1513 1550 1413 1874 1673 1714 1512 1537 1152 1187 1612 1074 1921 1371 1272 1132 1951 1854 1685 1237 1254 1620 1014 1327 1736 1449 1381 1758 1765 1196 1243 1823 1012 1557 1403 1054 1746 1424 1832 1927 1265 1915 1899 1948 1801 1701 1473 1237 1199 1183 1589 1259 1913 1094 1434 1311 1396 1346 1898 1959 1436 1742 1182 1395 1775 1983 1817 1699 1925 1472 1814 1058 1008 1506 1697 1604 1123 1043 1325 1686 1017 1464 1910 1562 1957 1193 1818 1981 1657 1732 1951 1487 1682 BCNSPRNW ULIB Ver.6.0+V

เปลี่ยนเป็นภาษาไทย

Change to English
 แสดงรายละเอียดบรรณานุกรม
  กลับหน้าหลัก

Brief Record : Get Marc (ISO 2709) : E-mail record : QR code < ปิดหน้าต่าง
LEADER : 00000nam 2200000uu 4500
001    13399111356
003     ULIB
008    110623s2552||||th 000 0 tha d
020    9789742353124
060  0 QU145^bส293ศ 2552
110 1  สมาคมโภชนาการแห่งประเทศไทยในพระราชูปถัมภ์สมเด็จพระเทพรัตนราชสุดาฯสยามบรมราชกุมารี
245 00 ศัพท์โภชนาการ/^cสิรินทร์ พิบูลนิยม และคณะ
250    พิมพ์ครั้งที่ 1
260    กรุงเทพฯ:^bสมาคมโภชนาการแห่งประเทศไทยในพระราชูปถัมภ์สมเด็จพระเทพรัตนราชสุดาฯสยามบรมราชกุมารี,^c2552
300    111 หน้า
650  7 โภชนาการ^xคำศัพท์
945    ^p189^l0^i18151
945    ^p189^l0^i17766
995    กัณชพร
999    ^aใช้งานได้ทุกระบบ
รายการนี้ยังไม่มีแท็ก
คุณยังไม่ได้ล็อกอิน คุณสามารถมีกิจกรรมร่วมกับเว็บไซต์ได้ แต่ต้องล็อกอินก่อน ::
  ล็อกอิน

รายการสื่อสารสนเทศ

ลำดับที่ ประเภท เลขเรียก/บาร์โค้ด สถานที่ สถานะ
1. วิทยาศาสตร์การแพทย์ และสุขภาพ
วิทยาศาสตร์การแพทย์ และสุขภาพ
QU145 ส293ศ 2552  
  Barcode: 17766
ห้องสมุดวิทยาเขตสวรรค์ประชารักษ์
►ส่วนจัดเก็บหนังสือเก่า สปร
บนชั้น
  ขอยืม

BibComment


ยังไม่เคยถูกคอมเมนท์

คอมเมนท์ทรัพยากรรายการนี้
  คอมเมนท์: ศัพท์โภชนาการ สิร..


 Copyright 2026. Bcnsprnw @Library